|
|
|
|
| LEADER |
00000nam0a2200000 4500 |
| 001 |
278405 |
| 005 |
20231101235117.0 |
| 020 |
|
|
|a RU
|b 86-38760
|
| 035 |
|
|
|a (RuTPU)RU\TPU\book\301682
|
| 090 |
|
|
|a 278405
|
| 100 |
|
|
|a 20141211d1986 km y0rusy5003 ca
|
| 101 |
0 |
|
|a rus
|
| 102 |
|
|
|a RU
|
| 105 |
|
|
|a a z 001zy
|
| 200 |
1 |
|
|a Комплексы поточного транспорта для подземной разработки крепких руд
|f И. И. Каварма, А. В. Бровко
|
| 210 |
|
|
|a Москва
|c Недра
|d 1986
|
| 215 |
|
|
|a 86 с.
|c ил.
|d 22 см
|
| 320 |
|
|
|a Библиогр.: с. 84-85 (32 назв.)
|
| 606 |
1 |
|
|a Рудничный транспорт, подземный
|x Грузопотоки
|x Математические исследования
|2 stltpush
|3 (RuTPU)RU\TPU\subj\25928
|9 49964
|
| 610 |
1 |
|
|a руды
|
| 610 |
1 |
|
|a добыча
|
| 610 |
1 |
|
|a комплексная механизация
|
| 610 |
1 |
|
|a поточный транспорт
|
| 610 |
1 |
|
|a технологические схемы
|
| 610 |
1 |
|
|a доставка
|
| 610 |
1 |
|
|a очистная выемка
|
| 675 |
|
|
|a 622.61
|z rus
|v 4
|
| 700 |
|
1 |
|a Каварма
|b И. И.
|g Игорь Иванович
|4 070
|
| 701 |
|
1 |
|a Бровко
|b А. В.
|g Александр Васильевич
|4 070
|
| 801 |
|
0 |
|a RU
|b RuMRKP
|c 19950704
|g psbo
|
| 801 |
|
1 |
|a RU
|b 63413507
|c 20141211
|
| 801 |
|
2 |
|a RU
|b 63413507
|c 20180111
|g RCR
|
| 942 |
|
|
|c BK
|